| 000 | 00828nam0a22002651 4500 | ||
|---|---|---|---|
| 001 | rc\318843 | ||
| 005 | 20250621033954.0 | ||
| 010 |
_a5-85009-052-5 _9500000 |
||
| 035 | _a(NLR Aleph) 005553559 | ||
| 090 |
_a5836283 _c5836283 |
||
| 100 | _a20030307d1990 |||y0rusy50 ca | ||
| 101 | 0 | _arus | |
| 102 | _aRU | ||
| 105 | _aa ||||||||| | ||
| 200 | 1 | _aФормула красоты | |
| 210 |
_aМ. _cСов. спорт _d1990 |
||
| 215 |
_a47, [1] с. _cил. _d20 |
||
| 225 | 1 | _aФизкультура для здоровья | |
| 700 | 1 |
_7ca _8rus _aИванова _bО. А. _cканд. пед. наук, гимнастика _gОльга Анатольевна _9249299 _3RU\NLR\AUTH\770249355 |
|
| 801 | 0 |
_aRU _bNLR _gpsbo |
|
| 801 | 1 |
_aRU _bELAR _2rusmarc |
|
| 852 |
_aNLR _j90-4/9785 |
||
| 942 | _cBOOK | ||
| 980 | _aNB | ||